STATISTICAL LEARNING WITH MATH AND R (Record no. 32757)

MARC details
000 -LEADER
fixed length control field 00340nam a2200133Ia 4500
008 - FIXED-LENGTH DATA ELEMENTS--GENERAL INFORMATION
fixed length control field 240624s9999 xx 000 0 und d
041 ## - LANGUAGE CODE
Language code of text/sound track or separate title eng
082 ## - DEWEY DECIMAL CLASSIFICATION NUMBER
Classification number 519.5 SUZ
100 ## - MAIN ENTRY--PERSONAL NAME
Personal name SUZUKI JOE
245 ## - TITLE STATEMENT
Title STATISTICAL LEARNING WITH MATH AND R
260 ## - PUBLICATION, DISTRIBUTION, ETC.
Date of publication, distribution, etc. 2020
Place of publication, distribution, etc. JAPAN
Name of publisher, distributor, etc. Springer
300 ## - PHYSICAL DESCRIPTION
Extent xi, : 217 : P. ; 23. : cm.
365 ## - TRADE PRICE
Currency code ERU
Price amount 33
Holdings
Withdrawn status Lost status Damaged status Not for loan Home library Current library Shelving location Date acquired Full call number Barcode Date last seen Copy number Price effective from Koha item type
        IMTN IMTN Rack 19-A 01/07/2022 519.5 SUZ 32757 06/24/2024 88.7 06/24/2024 Books
Designed & Maintained by: LRC IMT Nagpur Contact: lrc@imtnag.ac.in© 2024. All Rights Reserved.